TWELFTH BIENNIAL CONFERENCE ON ENTREPREN (Record no. 28927)

MARC details
000 -LEADER
fixed length control field 00306nam a2200121Ia 4500
008 - FIXED-LENGTH DATA ELEMENTS--GENERAL INFORMATION
fixed length control field 240624s9999 xx 000 0 und d
041 ## - LANGUAGE CODE
Language code of text/sound track or separate title eng
082 ## - DEWEY DECIMAL CLASSIFICATION NUMBER
Classification number 060 MIS
100 ## - MAIN ENTRY--PERSONAL NAME
Personal name MISRA SASI
245 ## - TITLE STATEMENT
Title TWELFTH BIENNIAL CONFERENCE ON ENTREPREN
260 ## - PUBLICATION, DISTRIBUTION, ETC.
Date of publication, distribution, etc. 2017
Place of publication, distribution, etc. Delhi
Name of publisher, distributor, etc. Bookwell
300 ## - PHYSICAL DESCRIPTION
Extent 710 p.; 28 cm.
Holdings
Withdrawn status Lost status Damaged status Not for loan Home library Current library Shelving location Date acquired Full call number Barcode Date last seen Price effective from Koha item type
        IMTN IMTN Rack 2-B 08/04/2017 060 MIS 28927 06/24/2024 06/24/2024 Books
Designed & Maintained by: LRC IMT Nagpur Contact: lrc@imtnag.ac.in© 2024. All Rights Reserved.